000 00642nam a2200169 i 4500
001 69986
003 ES-MaACL
005 20231227184717.0
007 t|
008 040714s1941 sp ||||1| spa d
100 1 _aGarcía Martí, Victoriano,
_d1881-1966
_954896
245 1 3 _aLa voz de los mitos
_b: grandeza y servidumbre del hombre, (diálogos entre Fausto, D. Quijote, D. Juan, Hamlet, Dulcinea, Margarita, Doña Inés y Ofelia) /
_cun prólogo y dos actos por Victoriano García Martí.
260 _aMadrid :
_bEspasa-Calpe,
_c1941.
300 _a81 p. ;
_c19 cm.
852 _aES-MaACL
_j1828-F-8
_bR.18883
999 _c69986
_d69986